[Event "Kathmandu Open 2018"]
[Site "Kathmandu"]
[Date "2018.04.14"]
[Round "3"]
[White "Sandipan, Chanda"]
[Black "Thing, Bibek"]
[Result "1-0"]
[WhiteElo "2579"]
[BlackElo "2263"]
[Annotator "TA"]
[PlyCount "104"]
[EventDate "2018.??.??"]
[EventType "swiss"]
[EventCountry "NEP"]
[SourceTitle "playchess.com"]
[Source "ChessBase"]
[SourceQuality "1"]

{[%evp 17,104,10,22,9,12,12,27,18,20,28,34,0,20,-3,41,41,42,42,53,51,52,51,53,56,54,44,66,15,21,0,0,0,0,0,0,0,80,87,87,87,77,74,84,85,85,88,91,89,83,87,95,75,75,68,75,27,27,27,28,28,28,28,126,126,126,126,126,126,126,126,126,126,126,126,126,55,55,55,55,0,117,8,8,8,29974,29973,29986,29987,29987]} 1. d4 Nf6 2. c4 e6 3. Nc3 Bb4 4. e3 b6 5. Bd2 Bb7 6. Nf3 O-O 7. Bd3 c5 8. a3 Bxc3 9. Bxc3 cxd4 {LiveBook: 5 Games. E43: Nimzo-Indian: Rubinstein: 4...b6} (9... d6 10. dxc5 bxc5 11. Qc2 Nbd7 12. O-O h6 13. Rfd1 a5 14. Nd2 Ra6 15. Ne4 Qa8 16. Nxf6+ Nxf6 17. f3 a4 18. Qf2 e5 19. Rd2 Qc8 20. Rad1 {½-½ (51) Aleksandrov,A (2589)-Bartel,M (2609) Bialystok 2017}) 10. exd4 d5 11. b3 dxc4 {The position is equal.} 12. bxc4 Be4 13. O-O Nbd7 14. Be2 $146 Qc7 15. Nd2 Bb7 16. Rc1 Rfd8 17. Re1 Ne4 18. Nxe4 Bxe4 19. Qd2 Rac8 20. Qe3 Bg6 21. h4 {h5 is the strong threat.} h5 22. d5 ({Better is} 22. Bb2 $14) 22... Re8 $11 23. Bxh5 Bxh5 24. Qg5 {[%csl Gc3][%cal Rg5g7]} e5 {Hoping for ...Bg6.} 25. Qxh5 Qxc4 26. Qf5 $40 {[%mdl 128] Black needs to defend precisely.} Nf6 (26... Qxd5 $11 {keeps the balance.} 27. Red1 Rxc3 $1 {[%mdl 512]} 28. Rxd5 Rxc1+ 29. Kh2 Nf6) 27. Bb2 $16 ({Not} 27. Bxe5 $2 Qxc1 28. Rf1 (28. Rxc1 $2 Rxc1+ 29. Kh2 Rxe5 $19) 28... Qc2 $19) ({But not} 27. Rxe5 Rxe5 28. Qxe5 Qxd5 $11) 27... Qg4 28. Qxg4 Nxg4 29. d6 $1 {[%cal Rd6d7] Black must now prevent d7.} Rxc1 30. Rxc1 {[%mdl 4096] Endgame KRB-KRN} Rd8 31. f3 Ne3 32. Bxe5 Nf5 33. Rc7 Nxd6 34. Bxd6 Rxd6 35. Rxa7 {KR-KR} b5 36. h5 Rb6 37. g4 {[%cal Bg2g4,Bg4g5][%mdl 32]} b4 38. axb4 Rxb4 39. Kg2 Rb6 {[#]} (39... g6 $11) 40. g5 $1 Rb5 41. f4 Rb3 42. Ra8+ Kh7 43. Rf8 Rb7 44. Kg3 Ra7 45. Kg4 Rb7 46. Kf5 (46. Kh4 $16) 46... Rb5+ $1 $14 47. Ke4 $1 Rb4+ 48. Kd5 (48. Ke5 $14 f6+ 49. gxf6 gxf6+ 50. Rxf6) 48... Rb5+ {[#]} (48... Rxf4 $11 49. g6+ Kh6) 49. Kc6 ({White should play} 49. Kd6 $1 $16 Rb7 50. Kc6) 49... Rf5 $11 50. Kd6 {aiming for Ke7.} g6 $2 {[%mdl 8192]} (50... Rxf4 $11 51. g6+ Kh6) 51. Ke7 gxh5 52. Rxf7+ Kg6 {Precision: White = 67%, Black = 52%.} 1-0

[Event "Kathmandu Open 2018"]
[Site "Kathmandu"]
[Date "2018.04.14"]
[Round "3"]
[White "Tarlev, Konstantin"]
[Black "Suvrajit, Saha"]
[Result "1-0"]
[WhiteElo "2549"]
[BlackElo "2234"]
[Annotator "TA"]
[PlyCount "67"]
[EventDate "2018.??.??"]
[EventType "swiss"]
[EventCountry "NEP"]
[SourceTitle "playchess.com"]
[Source "ChessBase"]
[SourceQuality "1"]

{[%evp 18,67,68,64,74,75,69,42,37,42,40,37,45,15,10,14,26,18,104,103,432,428,424,415,470,465,570,542,605,612,572,529,824,822,788,786,910,863,863,841,1238,1230,1283,1195,1060,977,2055,1989,12831,12822,29992,29993]} 1. e4 e6 2. d4 d5 3. Nc3 dxe4 4. Nxe4 Nd7 5. Nf3 Ngf6 6. Bd3 Nxe4 7. Bxe4 Nf6 8. Bg5 h6 {C10: French with 3 Nc3: Unusual Black 3rd moves and 3...dxe4} (8... Be7 9. Bxf6 Bxf6 10. Qd3 Qd6 11. O-O-O h6 12. Qe3 Qb6 13. Rhe1 c5 14. Qa3 cxd4 15. Nxd4 Bxd4 16. Qa4+ Bd7 17. Qxd4 Qxd4 18. Rxd4 {1-0 (37) So,W (2773)-Bareev,E (2675) Chess Supersite INT 2016}) 9. Bxf6 Qxf6 10. Qe2 {LiveBook: 14 Games} Bb4+ $146 {White is slightly better.} ({Predecessor:} 10... Bd6 11. O-O-O O-O 12. Kb1 a5 13. h4 g6 14. Bd3 a4 15. Ne5 a3 16. h5 {½-½ (73) Kriebel,T (2465)-Huebner,R (2574) Prague 2017}) 11. c3 Bd6 12. Bxb7 Bxb7 13. Qb5+ Ke7 14. Qxb7 Rab8 15. Qa6 Rxb2 16. O-O Rhb8 17. c4 {Strongly threatening c5.} g5 (17... Qf5 $11) 18. c5 $16 g4 $2 {[%mdl 8192]} (18... Bf4 $16) 19. cxd6+ $18 cxd6 {[#]} 20. Nd2 $1 {[%cal Bf3d2,Bd2b3,Bb3d4][%mdl 544]} Qxd4 (20... Rxd2 21. Qxa7+) 21. Nb3 Qb6 22. Qc4 Rg8 23. Qc3 Re2 24. Rab1 Qa6 25. Nd4 Rc8 26. Qg3 Re4 27. Qh4+ Ke8 28. Qxh6 Rc7 29. Qh8+ Ke7 30. Qh4+ Kd7 31. Qf6 Ke8 32. Rb8+ Rc8 33. Rfb1 d5 {[#]} 34. Nf5 $1 {[%mdl 512] Precision: White = 85%, Black = 29%.} 1-0

[Event "Kathmandu Open 2018"]
[Site "Kathmandu"]
[Date "2018.04.14"]
[Round "3"]
[White "Greenfeld, Alon"]
[Black "Jaiswal, Rupesh"]
[Result "1-0"]
[WhiteElo "2490"]
[BlackElo "2121"]
[Annotator "TA"]
[PlyCount "103"]
[EventDate "2018.??.??"]
[EventType "swiss"]
[EventCountry "NEP"]
[SourceTitle "playchess.com"]
[Source "ChessBase"]
[SourceQuality "1"]

{[%evp 16,103,33,24,49,45,82,69,103,58,60,43,26,36,94,96,63,78,234,249,312,306,322,333,327,301,414,412,421,408,422,418,426,406,497,450,466,463,456,359,428,381,439,439,501,489,481,451,641,480,726,339,349,324,379,305,337,337,343,335,385,335,335,293,333,340,340,338,321,317,427,383,452,468,476,468,468,452,475,469,595,601,608,618,29977,29979,29994,747,685,649]} 1. d4 Nf6 2. c4 g6 3. g3 Bg7 4. Bg2 Nc6 5. Nf3 O-O 6. O-O d6 7. Nc3 a6 8. b3 Rb8 9. e3 {LiveBook: 117 Games} Bf5 {E63: King's Indian: Fianchetto: Panno Variation with 7...a6} (9... b5 10. Qe2 Bd7 11. Bb2 Na5 12. Nd2 Bg4 13. f3 Bd7 14. Rfd1 Re8 15. Rac1 bxc4 16. Nxc4 c6 17. e4 Bh6 18. Ne3 {½-½ (35) Ghaem Maghami,E (2523)-Jones,G (2675) Dubai 2018}) 10. Bb2 Ne4 11. Ne2 $146 ({Predecessor:} 11. Ne1 Nxc3 12. Bxc3 e5 13. d5 Ne7 14. e4 Bd7 15. f4 b5 16. Nd3 f6 17. c5 Nc8 {1-0 (30) Volodin,V (2245)-Pachta,P (2159) Cartak 2005}) 11... g5 {White is slightly better.} 12. Qc1 e5 13. Rd1 Qf6 {[#] Threatens to win with ...Bg4.} 14. Nd2 Nxf2 ({Black should try} 14... Nxd2 $14 15. Qxd2 Bg4) 15. Kxf2 $16 {And now Kg1 would win.} Bg4+ 16. Ke1 $1 {h3 is the strong threat.} (16. Bf3 $2 Bxf3 17. Nxf3 g4 $17) 16... Bxe2 $2 (16... Qh6 $16 {might work better.}) 17. Kxe2 $18 exd4 18. Bxc6 bxc6 19. Bxd4 Qh6 {intending ...Bxd4.} 20. Nf3 Qh3 {...Qg2+ would now be nice for Black.} 21. Bxg7 Kxg7 22. Rf1 Rbe8 23. Qc3+ f6 24. Rf2 Re4 25. Rd1 {[%cal Ba1d1,Bd1d3,Bd3f3][%mdl 32]} Rfe8 26. Rd3 Qg4 27. Kf1 h5 28. Nd2 R4e6 29. e4 h4 30. Rdf3 hxg3 31. Rxg3 Qd1+ 32. Kg2 Kg6 (32... Qh5 $142 33. Qa5 R6e7 34. Qxa6 c5) 33. Qf3 (33. h4 $142) 33... Qxf3+ 34. Rgxf3 ({Resist} 34. Kxf3 Rh8) (34. Rfxf3 Rh8) 34... a5 35. Nf1 Rf8 36. Ng3 c5 37. Kf1 Ra8 38. Ne2 a4 39. Nc3 axb3 40. axb3 Ra1+ 41. Kg2 c6 42. Rd3 Kf7 43. Ne2 Ke7 44. Ng3 Kd7 45. Nh5 Ke7 46. Ng7 Rxe4 47. Nf5+ Ke6 48. Rxd6+ Ke5 {Black wants to play ...Rg4+.} 49. Rxc6 Ree1 50. Rxc5+ Ke6 51. Nd4+ (51. Rc7 $142 Rg1+ 52. Kh3 Rg3+ 53. hxg3 Ra7 54. Rxa7 g4+ 55. Kxg4 Ke5 56. Re7#) 51... Ke7 52. Re2+ {Precision: White = 79%, Black = 27%.} 1-0

[Event "Kathmandu Open 2018"]
[Site "Kathmandu"]
[Date "2018.04.14"]
[Round "3"]
[White "Harsha Bharathakoti"]
[Black "Harshita Guddanti"]
[Result "1/2-1/2"]
[WhiteElo "2424"]
[BlackElo "2064"]
[Annotator "TA"]
[PlyCount "63"]
[EventDate "2018.??.??"]
[EventType "swiss"]
[EventCountry "NEP"]
[SourceTitle "playchess.com"]
[Source "ChessBase"]
[SourceQuality "1"]

{[%evp 24,63,15,16,12,0,27,-17,-9,-60,-64,-74,-94,-150,-100,-161,-36,-106,-81,-110,-60,-69,-42,-36,-38,-46,-17,-30,0,0,0,0,0,0,0,0,8,0,0,0,0,0]} 1. d4 Nf6 2. c4 e6 3. g3 d5 4. Nf3 dxc4 5. Bg2 c5 6. O-O Nc6 7. Qa4 Bd7 8. Qxc4 b5 9. Qd3 c4 10. Qc2 {E04: Open Catalan: 5 Nf3} (10. Qd1 Rc8 11. b3 Na5 12. Ne5 cxb3 13. axb3 Rxc1 14. Qxc1 Nxb3 15. Qb2 Nxa1 16. Qxa1 Bd6 17. Qxa7 O-O 18. Nxd7 Nxd7 {½-½ (77) Yu,Y (2751)-Harikrishna,P (2744) Huaian 2017}) 10... Rc8 11. e4 Be7 12. Rd1 O-O 13. Qe2 {LiveBook: 5 Games. Threatening d5.} Na5 14. Ne5 Be8 15. Bf4 $146 ({Predecessor:} 15. d5 exd5 16. exd5 b4 17. Nd2 Bb5 {½-½ (40) Armani,G (2048)-Doderer,H (2235) ICCF email 2016}) 15... b4 $1 16. d5 ({White should play} 16. Nd2 $11) 16... exd5 {Threatens to win with ...Ba4.} 17. exd5 {[#] d6! is the strong threat.} Ba4 18. Rd2 (18. Nd2 $142 Bxd1 19. Rxd1) 18... Re8 $17 {White must now prevent ...Bd6.} 19. Nxf7 Qb6 (19... Kxf7 $19 20. Qe6+ Kf8) 20. Ne5 (20. Qe6 $15 Qxe6 21. dxe6) 20... Bd6 {[#] Hoping for ...Bxe5.} 21. Bh3 Bxe5 (21... c3 {keeps more tension.} 22. bxc3 Bxe5 23. Bxc8 bxc3 24. Bxe5 cxd2 25. Nxd2 Rxc8 26. Rb1 Qd8) 22. Bxc8 Bxf4 (22... c3 {is more complex.} 23. Be6+ Rxe6 24. dxe6 cxd2 25. Nxd2 Bxb2 26. Rb1 Bb5) 23. Be6+ Rxe6 24. dxe6 Bxd2 (24... Bd6 {feels hotter.} 25. a3 Nb3 26. e7 Kf7 27. Ra2 Nxd2 28. Nxd2 c3) 25. Nxd2 c3 (25... Qd4 {is interesting.} 26. e7 Qd5 27. Re1 Bc6 28. f3 Qd4+) 26. bxc3 {The position is equal.} bxc3 {aiming for ...Qb2.} 27. Ne4 $1 {[%cal Re4f6]} Qxe6 28. Nxc3 Qxe2 29. Nxe2 Bb5 30. Nc3 Bc4 31. Rb1 Nc6 32. Rb7 {Precision: White = 45%, Black = 49%.} 1/2-1/2

[Event "Kathmandu Open 2018"]
[Site "Kathmandu"]
[Date "2018.04.14"]
[Round "3"]
[White "Gusain, Himal"]
[Black "Hamal, Manish"]
[Result "1-0"]
[WhiteElo "2413"]
[BlackElo "2058"]
[Annotator "TA"]
[PlyCount "73"]
[EventDate "2018.??.??"]
[EventType "swiss"]
[EventCountry "NEP"]
[SourceTitle "playchess.com"]
[Source "ChessBase"]
[SourceQuality "1"]

{[%evp 18,73,42,45,90,49,80,75,101,41,58,55,62,39,39,39,43,37,42,33,44,0,68,54,140,148,158,150,152,145,237,248,285,270,277,259,367,390,379,378,529,345,546,548,528,434,753,732,1041,1026,923,911,1025,1012,977,977,3194,3068]} 1. e4 e6 2. d4 d5 3. Bd3 Nf6 4. e5 Nfd7 5. c3 c5 6. Ne2 Nc6 7. Nd2 cxd4 8. cxd4 Qb6 9. Nf3 Bb4+ 10. Bd2 {LiveBook: 46 Games} Be7 {C06: French Tarrasch: 3...Nf6 4 e5 Nfd7 5 Bd3 main lines} (10... f6 11. exf6 Nxf6 12. O-O Bxd2 13. Qxd2 {½-½ (13) Petrov,M (2440)-Drazic,S (2424) Novi Sad 2016}) 11. Bc3 O-O 12. O-O f6 {White is better.} 13. exf6 (13. Qc2 $16 h6 14. exf6 Rxf6 15. a3) 13... Nxf6 $14 14. Ng3 Bd7 15. Re1 Rae8 16. a3 Bd6 17. Qc2 $146 ({Predecessor:} 17. Bc2 Re7 18. Qd3 {1-0 (55) Baturo,T (2079)-Spicak,K (2006) Rewal 2009}) 17... Re7 18. Re2 g6 19. Qd2 Qc7 ({Black should try} 19... Ne8 $11) 20. Ne5 Bxe5 (20... a6 $14) 21. dxe5 $16 Ne8 22. b4 a6 {[#]} 23. a4 $1 {[%cal Ba3a4,Ba4b5][%mdl 32]} Rg7 (23... b5 $16 {is a better defense.}) 24. b5 $18 axb5 25. axb5 Ne7 26. Bd4 Nf5 (26... Rgf7 $142 27. Qe3 Qb8) 27. Nxf5 gxf5 28. f4 Rg4 29. Qe3 Kf7 (29... Ng7 {was called for.} 30. Rc2 Qd8) 30. Rc2 {White is clearly winning.} Qb8 31. Be2 Rh4 (31... h5 $142 32. h3 Rg7 33. Bxh5+ Kg8) 32. Ba7 Qd8 33. Bb6 Qb8 34. Qg3 Rh6 35. Qg5 {[#] Bc5 is the strong threat.} Rg6 36. Bh5 Bxb5 37. Qh6 {Precision: White = 71%, Black = 29%.} 1-0

[Event "Kathmandu Open 2018"]
[Site "Kathmandu"]
[Date "2018.04.14"]
[Round "3"]
[White "Sriram, Jha"]
[Black "Anustoop Biswas"]
[Result "1/2-1/2"]
[WhiteElo "2392"]
[BlackElo "2039"]
[Annotator "TA"]
[PlyCount "52"]
[EventDate "2018.??.??"]
[EventType "swiss"]
[EventCountry "NEP"]
[SourceTitle "playchess.com"]
[Source "ChessBase"]
[SourceQuality "1"]

{[%evp 14,52,88,73,175,110,114,99,189,179,230,212,220,97,435,421,427,175,170,91,87,87,85,25,34,23,28,-251,-218,-289,-166,-173,-111,-180,-185,-183,-189,-193,-191,-187,-163]} 1. d4 d5 2. c4 e5 3. dxe5 d4 4. Nf3 Nc6 5. g3 Bg4 6. Bg2 Qd7 7. O-O O-O-O 8. Nbd2 {LiveBook: 7 Games} h6 $146 {D09: Albin Counter Gambit: Main line with 5 g3} (8... Kb8 $16 {keeps fighting.}) ({Predecessor:} 8... Nge7 9. Nb3 Ng6 10. Bg5 Be7 11. Bxe7 Qxe7 12. Qd3 Ncxe5 13. Nxe5 Qxe5 14. Rfe1 {½-½ (14) Soural,J (2189)-Kolar,P (2189) Czech Republic 2018}) 9. b4 (9. a3 $1 $18) 9... Bxb4 $16 10. Qa4 $1 a5 (10... Bh3 $16) 11. a3 $18 Bc3 (11... Bxd2 {was worth a try.} 12. Bxd2 b6) 12. Rb1 Bf5 13. Rb5 (13. Rxb7 $1 $18 {and White stays clearly on top.} Kxb7 14. Nh4) 13... Na7 $2 {[%mdl 8192] [#]} (13... Nge7 $16 {is more resistant.}) 14. e6 $1 {[%mdl 512]} Qxe6 {[#]} 15. Rxb7 (15. Ng5 $142 $1 {[%mdl 512]} hxg5 16. Bxb7+ Kd7 17. Re5+ Ke7 18. Rxe6+ fxe6 19. Nb3) 15... Qc6 {[#]} 16. Qxc6 (16. Rb5 $1 $18 Nxb5 17. Nh4) 16... Nxc6 $16 17. Rb5 Nge7 18. Ne5 (18. Nb1 $16) 18... Nxe5 $11 19. Rxe5 Rhe8 {Hoping for ...d3.} 20. Nb3 $2 {[%mdl 8192]} (20. Rc5 $11) 20... d3 $19 21. Rxf5 {aiming for Rb5.} Nxf5 (21... dxe2 $142 22. Rf3 Rd1 23. Rxc3 Rxf1+ 24. Bxf1 e1=Q) 22. exd3 Nd4 (22... Rxd3 $19 23. Nc5 Rd4 24. Bb7+ Kb8) 23. Bh3+ (23. Nc5 $17 {is a better defense.}) 23... Kb8 {Black is clearly better.} 24. Nxd4 Bxd4 ({Don't play} 24... Rxd4 25. Be3 $15) 25. Bd2 {[#]} Re2 $1 {[%cal Re2d2]} 26. Bxa5 Rb2 {Precision: White = 26%, Black = 30%.} 1/2-1/2

[Event "Kathmandu Open 2018"]
[Site "Kathmandu"]
[Date "2018.04.14"]
[Round "3"]
[White "Shyaamnikhil P"]
[Black "Kavinda, Akila"]
[Result "1-0"]
[WhiteElo "2385"]
[BlackElo "1996"]
[Annotator "TA"]
[PlyCount "111"]
[EventDate "2018.??.??"]
[EventType "swiss"]
[EventCountry "NEP"]
[SourceTitle "playchess.com"]
[Source "ChessBase"]
[SourceQuality "1"]

{[%evp 9,111,48,47,50,98,95,106,92,90,60,59,57,63,65,61,42,45,47,100,26,52,44,59,52,75,10,21,0,0,0,20,24,61,61,52,66,52,44,54,64,41,59,51,50,85,76,85,83,72,69,85,79,86,76,77,77,100,33,71,61,64,40,83,83,87,31,37,16,22,27,120,119,120,102,136,69,67,60,50,63,238,225,219,192,347,361,360,359,405,394,398,397,385,360,362,353,457,455,460,458,473,435,1616,1550]} 1. e4 g6 2. d4 Bg7 3. Be3 d6 4. Qd2 a6 5. f3 h5 $146 ({Predecessor:} 5... c6 6. h4 h5 7. Nc3 Nd7 8. O-O-O b5 9. Nh3 Nb6 10. Qf2 Bxh3 11. Rxh3 d5 12. Bd3 {1-0 (30) Ganguly,S (2595)-Lahiri,A (2308) Goa 2015}) 6. a4 {B06: Modern Defence} a5 7. Nc3 c6 8. Bc4 {White is better.} Nf6 9. e5 Ng8 10. e6 Bxe6 11. Bxe6 fxe6 12. Qd3 Kd7 13. Qxg6 Bh6 (13... Qf8 $14) 14. Bg5 ({White should play} 14. Bxh6 $16 Nxh6 15. Qe4) 14... Bxg5 15. Qxg5 h4 16. Nh3 Qf8 17. O-O-O (17. O-O $16) 17... Qh6 $11 18. Rd2 Na6 19. Qxa5 Nf6 20. Qg5 Nb4 21. Qxh6 Rxh6 22. b3 b5 23. Kb2 Nfd5 24. Ra1 Nxc3 25. Kxc3 Nd5+ 26. Kd3 b4 27. Ke2 Rg6 28. Kf2 Rag8 {[#]} 29. Rg1 $1 Rf8 30. Re1 Nc3 31. Kf1 Rf5 32. Rd3 Rg8 33. Kf2 ({White should try} 33. Rde3 $16) 33... Rc8 34. g4 hxg3+ 35. hxg3 Rh5 36. Kg2 Rch8 37. Rh1 ({Better is} 37. Nf2 $16) 37... Nd5 38. Nf2 {Threatening Rxh5.} (38. f4 {keeps more tension.} R5h6 39. Nf2 Rxh1 40. Nxh1 Rc8 41. Nf2) 38... Rxh1 39. Nxh1 {[%mdl 4096] Endgame KRN-KRN} Rg8 (39... Rc8 $1 $11) 40. Kf2 Rh8 {[#]} 41. Kg1 $1 Nc3 42. Rd2 (42. Nf2 $16) 42... Nb1 $14 43. Rd1 Nc3 44. Re1 Rc8 $2 (44... Rh5 $1 $14) 45. Nf2 $18 c5 46. dxc5 Nd5 $2 (46... Rxc5 {keeps fighting.} 47. Nd3 Rf5) 47. Nd3 dxc5 48. Ne5+ Kd6 49. Nc4+ Kd7 50. Kg2 Rg8 51. Rh1 Nc3 52. Rh5 Kc6 53. Re5 {White is clearly winning.} Rg6 54. g4 Nd5 55. Kg3 Kd7 {[#]} (55... Nc7 $142 56. g5 Na6) 56. Rxd5+ $1 {[%mdl 512] Precision: White = 59%, Black = 33%.} 1-0

[Event "Kathmandu Open 2018"]
[Site "Kathmandu"]
[Date "2018.04.14"]
[Round "3"]
[White "Padmini, Rout"]
[Black "Niraula, Bhupendra"]
[Result "1-0"]
[WhiteElo "2360"]
[BlackElo "1994"]
[Annotator "TA"]
[PlyCount "71"]
[EventDate "2018.??.??"]
[EventType "swiss"]
[EventCountry "NEP"]
[SourceTitle "playchess.com"]
[Source "ChessBase"]
[SourceQuality "1"]

{[%evp 13,71,-28,-38,-33,0,-7,-22,-27,11,11,11,4,10,10,2,0,0,-5,27,37,33,32,41,0,0,0,0,0,118,116,138,126,125,131,135,122,142,125,331,328,327,324,312,313,318,314,373,354,362,374,348,354,360,361,358,358,356,331,493,483]} 1. Nf3 Nf6 2. g3 b6 3. Bg2 Bb7 4. O-O e6 5. d4 c5 6. c3 Be7 7. a4 O-O {LiveBook: 6 Games. A47: 1 d4 Nf6 2 Nf3 b6: Torre, London and Colle Systems} 8. Nbd2 (8. Bg5 h6 9. Bf4 Nd5 10. Bxb8 Rxb8 11. e4 Nf6 12. e5 Ne4 13. Nbd2 Nxd2 14. Nxd2 cxd4 15. cxd4 Bxg2 16. Kxg2 Qc8 17. Rc1 Qb7+ 18. Qf3 Qxf3+ 19. Kxf3 Rfc8 20. Rfd1 {½-½ (20) Domogaev,S (2395)-Kalugin,S (2414) Livny 2017}) 8... cxd4 9. Nxd4 Bxg2 {The position is equal.} 10. Kxg2 Nc6 11. Nxc6 $146 ({Predecessor:} 11. N2f3 Nxd4 12. Nxd4 d5 13. Nc6 Qc7 14. Nxe7+ Qxe7 15. Bg5 Rac8 16. Qd3 Rc4 17. a5 Qc7 {½-½ (17) Fiala,J (2248)-Hacha,A (2188) Czechia 2010}) 11... dxc6 12. e4 Qd3 13. Qf3 Qa6 14. e5 Nd7 15. Qe4 b5 16. Nf3 Nc5 17. Qg4 $1 $36 {[%mdl 2048] [#] aiming for Bh6. Black is under pressure.} Kh8 18. h4 Qb7 19. a5 a6 20. Bg5 f6 (20... Rfd8 $11) 21. exf6 $16 gxf6 22. Be3 ({But not} 22. Bh6 $6 Rg8 $14) 22... Rg8 23. Qb4 Na4 24. Qe4 e5 25. Rad1 Qc8 $2 {[#]} ({Avoid the trap} 25... Nxb2 $2 26. Rb1 $18) (25... Rae8 $16 {might work better.}) 26. Nxe5 $1 $18 fxe5 27. Qxe5+ Rg7 28. Bh6 {[%csl Gh6][%cal Re5g7]} Bf8 29. b3 {[%cal Bb2b3,Bb3a4][%mdl 32]} ({Weaker is} 29. Bxg7+ Bxg7 30. Qe2 c5 $16) 29... c5 30. bxa4 Qc6+ 31. Qd5 Qxd5+ 32. Rxd5 Rc7 33. Bxf8 Rxf8 34. axb5 axb5 35. Rfd1 Rff7 (35... b4 {was necessary.} 36. cxb4 cxb4) 36. Rb1 {Precision: White = 83%, Black = 58%.} 1-0

[Event "Kathmandu Open 2018"]
[Site "Kathmandu"]
[Date "2018.04.14"]
[Round "3"]
[White "Gajwa Ankit"]
[Black "Panta, Sumit"]
[Result "1-0"]
[WhiteElo "2292"]
[BlackElo "1993"]
[Annotator "TA"]
[PlyCount "60"]
[EventDate "2018.??.??"]
[EventType "swiss"]
[EventCountry "NEP"]
[SourceTitle "playchess.com"]
[Source "ChessBase"]
[SourceQuality "1"]

{[%evp 18,60,58,51,57,39,45,15,70,64,96,111,115,103,106,55,110,104,104,54,59,70,183,162,169,106,164,122,118,108,1130,203,316,138,195,167,422,118,255,43,43,37,51,0,75]} 1. e4 e6 2. d4 d5 3. Nc3 dxe4 4. Nxe4 Nd7 5. Nf3 Ngf6 6. Bd3 Be7 7. Nxf6+ Nxf6 8. Qe2 O-O 9. Bg5 Nd5 10. h4 {LiveBook: 5 Games. C10: French with 3 Nc3: Unusual Black 3rd moves and 3...dxe4} c5 11. dxc5 Qa5+ 12. c3 {White is slightly better.} Qxc5 (12... Bxc5 $11 13. O-O h6) 13. O-O-O $14 a5 $146 ({Predecessor:} 13... h6 14. Bxe7 Qxe7 15. Bc2 Qc7 16. g4 Qf4+ 17. Kb1 Qxg4 18. Rhg1 Qh5 19. Rg3 f5 20. Qe5 {1-0 (29) Todorovic,G (2482)-Stavnjak,L (2235) Obrenovac 2011}) 14. Bxe7 Nxe7 15. Ng5 h6 16. Bh7+ Kh8 17. Bc2 {Nxf7+! is the strong threat.} Nd5 18. Qe4 $40 {[%csl Gc2,Gg5][%cal Re4h7][%mdl 128] White attacks.} f5 19. Nxe6 Bxe6 (19... Qxf2 $14 20. Qe1 (20. Qxd5 Qe3+ 21. Qd2 Qxd2+ 22. Rxd2 Bxe6 $16) 20... Qxe1 21. Rhxe1 Bxe6) 20. Qxe6 $18 Nf4 {[#]} 21. Qd7 (21. Qd6 $1 $18 {[%cal Rd6c5]} Ne2+ 22. Kb1 Qxf2 23. Rhf1 Qxg2 24. Rxf5 (24. Bxf5 Ng3 $14) 24... Rxf5 25. Bxf5) 21... Qxf2 (21... Qb6 $16 {was called for.} 22. Rhe1 Rad8) 22. Rd2 Qe3 {Strongly threatening ...Rad8.} 23. Kb1 Rfe8 $2 {[%mdl 8192] [#]} (23... Nh5 $16) 24. Rhd1 $2 (24. Qxf5 $1 {[%csl Gc2][%cal Rf5h7][%mdl 512]} Kg8 25. Rd7) 24... Ng6 (24... Qe5 {keeps fighting.} 25. Qxf5 (25. Qxb7 Rab8 $16) 25... Qxf5 26. Bxf5 Rab8) 25. Qxb7 (25. Qxf5 $18 Nf8 26. Rf2) 25... Ne5 (25... Nxh4 $16 26. Qd5 Qg5) 26. Qd5 Ng4 $2 (26... Rab8 {is a better defense.} 27. c4 (27. Bxf5 Qf4 $16) 27... Rb4) 27. Qd4 $2 (27. Qxf5 $18 {[%csl Gc2][%cal Rf5h7]} Nf6 28. g4) 27... Qe7 (27... Rab8 $16) 28. Bb3 $2 (28. Bxf5 $18 Ne3 29. Re1) 28... Qxh4 $14 29. a3 Qg5 30. Ka2 ({White should try} 30. Ba4 $1 $14) 30... Nf6 {Precision: White = 35%, Black = 22%.} (30... a4 $11 31. Bf7 Rf8) 1-0

[Event "Kathmandu Open 2018"]
[Site "Kathmandu"]
[Date "2018.04.14"]
[Round "3"]
[White "Gajwa Ankit"]
[Black "Panta, Sumit"]
[Result "*"]
[WhiteElo "2292"]
[BlackElo "1993"]
[Annotator "TA"]
[PlyCount "34"]
[EventDate "2018.??.??"]
[EventType "swiss"]
[EventCountry "NEP"]
[SourceTitle "playchess.com"]
[Source "ChessBase"]
[SourceQuality "1"]

{[%evp 18,19,53,54]} 1. e4 e6 2. d4 d5 3. Nc3 dxe4 4. Nxe4 Nd7 5. Nf3 Ngf6 6. Bd3 Be7 7. Nxf6+ Nxf6 8. Qe2 O-O 9. Bg5 Nd5 10. h4 {LiveBook: 5 Games. C10: French with 3 Nc3: Unusual Black 3rd moves and 3...dxe4} {Find the theoretical novelty and annotate with similar games:} Nb4 $146 11. Bc4 f6 12. Be3 Rb8 13. a3 Nd5 14. O-O Bd6 15. Bd3 c6 16. c4 Ne7 17. Bd2 b6 {½-½ (57) Khegay,D (2478)-Saveliev,A (2379) Moscow 2017} *